Bytový dom
Uložené v:
| Hlavný autor: | |
|---|---|
| Ďalší autori: | |
| Médium: | Rukopis Kniha |
| Jazyk: | Slovak |
| Vydavateľské údaje: |
2025
|
| Predmet: | |
| On-line prístup: | http://is.stuba.sk/zp/portal_zp.pl?podrobnosti=167380 CRZP |
| Tagy: |
Žiadne tagy, Buďte prvý, kto otaguje tento záznam!
|
MARC
| LEADER | 00000ntm a22000003a 4500 | ||
|---|---|---|---|
| 001 | stuzp104899 | ||
| 003 | SK-STU | ||
| 005 | 20250724105726.2 | ||
| 007 | ta | ||
| 008 | 150427s2015----xo-----f-mn---000-0-slo-d | ||
| 040 | |a STU |b slo | ||
| 041 | 0 | |a slo | |
| 100 | 1 | |a Horňáková, Zuzana |u 010180 |4 aut |U SvF Stavebná fakulta |T SvF Katedra konštrukcií pozemných stavieb |X 114762 |U V180 |Y 18 |7 114762 | |
| 242 | 0 | 1 | |a Residential Building |y eng |
| 245 | 1 | 0 | |a Bytový dom |
| 260 | |c 2025 | ||
| 650 | 4 | |a podzemná garáž |2 slo | |
| 650 | 4 | |a bytový dom s polyfunkciou |2 slo | |
| 650 | 4 | |a prevetrávaná fasáda |2 slo | |
| 650 | 4 | |a mixed-use residential building |2 eng | |
| 650 | 4 | |a ventilated façade |2 eng | |
| 650 | 4 | |a underground parking |2 eng | |
| 700 | 1 | |a Rabenseifer, Roman |u 010180 |k Z1 |4 ths |U SvF Stavebná fakulta |T SvF Katedra konštrukcií pozemných stavieb |X 727 |U V180 |Y 18 |7 A000000727 | |
| 856 | 4 | |u http://is.stuba.sk/zp/portal_zp.pl?podrobnosti=167380 | |
| 856 | 4 | |u https://opac.crzp.sk/?fn=detailBiblioForm&sid=C9A1C75A261DD259FC89411E26A3 |z CRZP | |